00670nam a2200169 a 4500001001000000003000900010005001700019007000300036008004100039040002500080082001300105100005600118245008100174260008800255300002000343500013700363000044980DO-SdBNP20220809110611.0ta150127s1937 dr 000 0 spa d aDO-SdBNPbspacBNPHU axxxbI37 aIncháustegui Cabral, Joaquín Marino,d1908-196710aDon Trujillo :bla República Dominicana en el aire /cMarino Inchaustegui. aCiudad Trujillo, República Dominicana, :b[La voz del partido dominicano],c1937. a97 p. ;c21 cm. aColección de disertaciones por radio, trasmitidas por la estación H.I.N. "La voz del partido dominicano" en onda de 26.6 metros.